Caracterización, evaluación y diseño de intervención en una niña afectada por el síndrome de Midas (Record no. 181379)
[ view plain ]
| 000 -CABECERA | |
|---|---|
| campo de control de longitud fija | 01798nab a2200289 a 4500 |
| 005 - FECHA Y HORA DE LA ÚLTIMA TRANSACCIÓN | |
| campo de control | 20250808082557.0 |
| 008 - ELEMENTOS DE LONGITUD FIJA--INFORMACIÓN GENERAL | |
| campo de control de longitud fija | 991125c2015 sp fr p o 000 0 spa d |
| 035 ## - NÚMERO DE CONTROL DEL SISTEMA | |
| Número de control de sistema | UPN01000209278 |
| 040 ## - FUENTE DE LA CATALOGACIÓN | |
| Centro catalogador/agencia de origen | MX-MxUPN |
| Lengua de catalogación | spa |
| Centro/agencia transcriptor | MX-MxUPN |
| Normas de descripción | aacr2 |
| 049 ## - COLECCIÓN | |
| Colección | ART-E |
| 100 1# - ASIENTO PRINCIPAL--NOMBRE PERSONAL | |
| Nombre de persona | Peirats Chacón, José |
| 100 1# - ASIENTO PRINCIPAL--NOMBRE PERSONAL | |
| Filiación | jose.peirats@uv.es |
| 100 1# - ASIENTO PRINCIPAL--NOMBRE PERSONAL | |
| Nombre de persona | Zornoza Gallego, Eva |
| 245 10 - MENCIÓN DE TÍTULO | |
| Título | Caracterización, evaluación y diseño de intervención en una niña afectada por el síndrome de Midas |
| 506 0# - NOTA DE RESTRICCIONES AL ACCESO | |
| Limitaciones de acceso | Acceso abierto |
| 520 3# - NOTA DE RESUMEN, ETC. | |
| Sumario, etc. | Este trabajo presenta los resultados de una investigación sobre un caso de síndrome de Midas, una enfermedad considerada rara. Es un trastorno genético que origina, entre otros trastornos, microftalmia, defectos en la piel, epilepsia persistente y retraso en el desarrollo. Nuestra pretensión ha sido la de describir, contextualizar y evaluar un caso mediante una metodología de corte cualitativo, con el objetivo final de realizar un programa de intervención familiar adecuado a las características de la niña que padece este síndrome. Concluye este trabajo señalando la escasa literatura científica publicada hasta ahora, nula en el aspecto educativo, la necesidad del seguimiento del programa de intervención familiar y la urgencia en realizar más estudios sobre enfermedades raras. |
| 650 #4 - ASIENTO SECUNDARIO DE MATERIA - TERMINO TEMATICO | |
| Término de materia o nombre geográfico como elemento de entrada | Educación especial |
| 9 (RLIN) | 3029 |
| 650 #2 - ASIENTO SECUNDARIO DE MATERIA - TERMINO TEMATICO | |
| Término de materia o nombre geográfico como elemento de entrada | Estimulación temprana |
| 9 (RLIN) | 7970 |
| 653 0# - TERMINO DE INDIZACION - NO CONTROLADO | |
| Término no controlado | Síndrome de Midas |
| 653 0# - TERMINO DE INDIZACION - NO CONTROLADO | |
| Término no controlado | Enfermedades raras |
| 653 0# - TERMINO DE INDIZACION - NO CONTROLADO | |
| Término no controlado | Intervención familiar |
| 773 ## - ENLACE AL DOCUMENTO FUENTE/ENTRADA DE REGISTRO ANFITRIÓN | |
| Parte(s) relacionada(s) | Vol. 30, no. 2 (2015), p. 143-160 |
| Título | Ensayos : revista de la Facultad de Educación de Albacete |
| Número Internacional Normalizado para Publicaciones Seriadas | 2171-9098 |
| 856 4# - LOCALIZACIÓN Y ACCESO ELECTRÓNICOS | |
| Identificador Uniforme del Recurso | <a href="https://revista.uclm.es/index.php/ensayos/article/view/691">https://revista.uclm.es/index.php/ensayos/article/view/691</a> |
| 902 ## - ELEMENTOS DE DATOS B LOCAL, LDB (RLIN) | |
| Creó | Gloria Jiménez/080825 |
| 905 ## - TIPO DE MATERIAL | |
| Tipo de material | Articulo |
| 942 ## - ELEMENTOS DE PUNTO DE ACCESO ADICIONAL (KOHA) | |
| Tipo de ítem Koha | Artículo Electrónico |
| Estado de retiro | Estado de pérdida | Estado dañado | No para préstamo | Código de colección | Localización permanente | Ubicación/localización actual | Ubicación en estantería | Fecha de adquisición | Total de préstamos | Fecha visto por última vez | Identificador Uniforme del Recurso | Precio válido a partir de | Tipo de ítem Koha |
|---|---|---|---|---|---|---|---|---|---|---|---|---|---|
| Acceso abierto | Bib. Gregorio Torres Quintero | Bib. Gregorio Torres Quintero | En línea | 08/08/2025 | 08/08/2025 | https://revista.uclm.es/index.php/ensayos/article/view/691 | 08/08/2025 | Artículo Electrónico |
